| 000 | 00368nam a2200157Ia 4500 | ||
|---|---|---|---|
| 008 | 210210b1949 xxu||||| |||| 00| 0 eng d | ||
| 041 | _aeng | ||
| 082 | _a829/984 | ||
| 100 | _aSELINCOURT (H De) | ||
| 245 | _aCricket match | ||
| 260 |
_aLondon _bRupert Hart-Davis., _c1949 |
||
| 650 | _amatch | ||
| 650 | _aCricket | ||
| 690 | _aEnglish Fiction | ||
| 906 | _a017599 | ||
| 999 |
_c137583 _d137583 |
||